Statistics for 30 Bordering Country Pairs Relatively Further Away by Geographical Center

Click here to take the quiz!

General Stats

  • This quiz has been taken 46 times
  • The average score is 39 of 60

Answer Stats

COUNTRY% Correct
China
100%
Russia
100%
Russia
100%
Russia
100%
Russia
100%
Russia
100%
Russia
100%
Russia
100%
Russia
100%
Azerbaijan
90%
Azerbaijan
90%
Georgia
90%
Ukraine
90%
Ukraine
90%
Turkey
88%
Turkey
88%
Turkey
88%
Belarus
85%
Iran
85%
Latvia
85%
Estonia
83%
Lithuania
83%
Afghanistan
78%
Chile
78%
Chile
78%
Peru
73%
Belize
70%
Bolivia
70%
Greece
70%
Mexico
70%
Mexico
70%
Poland
70%
Guatemala
68%
Malaysia
68%
Slovakia
68%
Indonesia
65%
Indonesia
65%
Thailand
65%
Uzbekistan
65%
Kyrgyzstan
63%
Israel
58%
Israel
58%
Papua New Guinea
58%
Syria
55%
East Timor
53%
Lebanon
50%
Austria
33%
Austria
33%
Costa Rica
25%
Panama
25%
Liechtenstein
23%
Mozambique
23%
Switzerland
23%
Croatia
18%
Djibouti
18%
Eritrea
18%
Montenegro
15%
United Arab Emirates
15%
Qatar
13%
Swaziland
13%

Score Distribution

Percentile by Number Answered

Percent of People with Each Score

Your Score History

You have not taken this quiz